Kvalita ako inovačná zmena
Triedenie podnikových zmien z hľadiska objektov, ktorých sa týkajú (produkt, proces, organizovanie zmien v oblasti nákladov a kvality). Rozdiel medzi inováciou a kvalitou.
Guardado en:
| Autor principal: | |
|---|---|
| Otros Autores: | |
| Formato: | Capítulo de libro |
| Lenguaje: | eslovaco |
| Materias: | |
| Etiquetas: |
Sin Etiquetas, Sea el primero en etiquetar este registro!
|
MARC
| LEADER | 00000naa a2200000 4500 | ||
|---|---|---|---|
| 001 | 0150511 | ||
| 005 | 20240502072715.1 | ||
| 041 | 0 | |a slo | |
| 044 | |a SK | ||
| 245 | 1 | 0 | |a Kvalita ako inovačná zmena |c Martin Mizla, Patrycja Pudło |
| 520 | |a Triedenie podnikových zmien z hľadiska objektov, ktorých sa týkajú (produkt, proces, organizovanie zmien v oblasti nákladov a kvality). Rozdiel medzi inováciou a kvalitou. | ||
| 610 | 2 | 0 | |a manažment |
| 610 | 2 | 0 | |a manažment inovačný |
| 610 | 2 | 0 | |a riadenie zmien |
| 610 | 2 | 0 | |a rozhodovanie manažérske |
| 610 | 2 | 0 | |a riadenie kvality |
| 610 | 2 | 0 | |a inovácia výrobkov |
| 610 | 2 | 0 | |a kvalita výrobkov |
| 610 | 2 | 0 | |a procesy podnikové |
| 100 | 1 | |a Mizla, Martin, 1955- | |
| 700 | 1 | |a Pudło, Patrycja | |